Statistiques concernant Paroles - Sans Contrefaçon - Mylène Farmer

Cliquez ici pour prendre le quiz!

Statistiques générales

  • Ce quiz a été pris 468 fois
  • Le résultat moyen est 139 sur 168

Statistiques - réponses

Réponse% Correct
contrefaçon
99%
garçon
99%
je
99%
sans
99%
suis
99%
un
99%
le
97%
a
95%
à
95%
de
94%
et
94%
me
94%
dire
93%
pour
93%
ne
92%
peux
92%
ma
91%
veux
88%
dévêtir
87%
faut
87%
choisir
86%
mon
86%
puisque
86%
empire
84%
puisqu'il
83%
pas
82%
des
81%
ce
80%
qui
79%
dans
78%
les
78%
Dis
76%
maman
75%
pourquoi
75%
qu'à
74%
tout
74%
n'a
73%
ni
73%
mes
72%
monde
71%
tête
71%
fais
70%
n'en
70%
hasard
69%
queue
69%
du
68%
noir
68%
regards
68%
yeux
68%
chevalier
67%
l'abri
67%
on
67%
placard
66%
seul
66%
vous
66%
au
65%
défie
64%
cernés
63%
doux
63%
mots
63%
d'éon
62%
tour
62%
bien
60%
caméléon
60%
c'est
60%
pantalon
60%
fous
57%
creux
56%
fréquentations
56%
mouchoir
56%
eux
54%
soldats
54%
tueront
54%
vos
54%
plomb
53%
chasse
52%
dira-t-on
52%
garde
52%
qu'en
52%
qu'on
52%
prenez
51%
résolutions
51%
menace
49%
n'admets
41%

Distribution des résultats

Percentile par nombre de réponses

% des personnes avec chaque résultat

Votre développement - résultats

Vous n’avez pas pris ce quiz